000
00331nam a22001457a 4500
003
OSt
005
20220216104733.0
008
220216b |||||||| |||| 00| 0 eng d
020
_a
9781635491043
040
_c
HU
082
_a
629.25
100
_a
Pri
_9
26419
245
_a
Principles Of Automotive Engines
942
_2
ddc
_c
BOOKS
_n
0
999
_c
30562
_d
30562